000 01024nam a2200241 i 4500
003 IT-RoINE
005 20201104055826.0
008 000401m1929 sp r 1 spa d
040 _aSpMaBN
_bspa
_cIT-RoINE
_dIT-RoINE
100 1 _aVera, Francisco,
_d1888-1967
_97733
245 1 0 _aHistoria de la matemática en España /
_cpor Francisco Vera.
260 _aMadrid :
_bVictoriano Suárez,
_c1929-
300 _av. ;
_c16 cm.
336 _2rdacontent
_atext
337 _2rdamedia
_aunmediated
338 _2rdacarrier
_avolume
490 1 _aBiblioteca española de la divulgación científica ;
_v8, 10-12
500 _aIncluye índice.
505 1 _a1. Tiempos primitivos (hasta el siglo XIII) -- 2. Los precursores del Renacimiento (siglos XIII, XIV y XV) -- 3. Árabes y judios. Primera parte (siglos VIII-XI) -- 4. Árabes y judios. Segunda parte (siglos XII-XVI).
650 4 _aMatemáticas
_zEspaña
_97734
_xHistoria
830 0 _aBiblioteca española de la divulgación científica ;
_97735
_v8,10-12
942 _cMTS
999 _c3730
_d3730